World of learning 2005 (Record no. 3979)
[ view plain ]
| 000 -LEADER | |
|---|---|
| fixed length control field | 00551nam a2200205Ia 4500 |
| 020 ## - INTERNATIONAL STANDARD BOOK NUMBER | |
| ISBN | 1-85743-259-2 |
| 082 ## - DEWEY DECIMAL CLASSIFICATION NUMBER | |
| Classification number | RR 060 WOR- |
| 245 #0 - TITLE STATEMENT | |
| Title | World of learning 2005 |
| 250 ## - EDITION STATEMENT | |
| Edition statement | 55 |
| 260 ## - PUBLICATION, DISTRIBUTION, ETC. (IMPRINT) | |
| Place of publication | London |
| Name of publisher | Europa Publications |
| Year of publication | 2004 |
| 504 ## - BIBLIOGRAPHY, ETC. NOTE | |
| Bibliography, etc | includes index |
| 650 ## - SUBJECT ADDED ENTRY--TOPICAL TERM | |
| Topical Term | International institutions |
| 650 ## - SUBJECT ADDED ENTRY--TOPICAL TERM | |
| Topical Term | International organization |
| 650 ## - SUBJECT ADDED ENTRY--TOPICAL TERM | |
| Topical Term | International agencies |
| 650 ## - SUBJECT ADDED ENTRY--TOPICAL TERM | |
| Topical Term | Associations, International |
| 650 ## - SUBJECT ADDED ENTRY--TOPICAL TERM | |
| Topical Term | World organization |
| 650 ## - SUBJECT ADDED ENTRY--TOPICAL TERM | |
| Topical Term | Organization, International |
| 700 ## - ADDED ENTRY--PERSONAL NAME | |
| Personal name | Fatih, Driss |
| 942 ## - ADDED ENTRY ELEMENTS (KOHA) | |
| Koha item type | Books |
| Source of classification or shelving scheme | Dewey Decimal Classification |
| Withdrawn status | Lost status | Damaged status | Not for loan | Home library | Current library | Date acquired | Source of acquisition | Serial Enumeration / chronology | Bill Date | Full call number | Accession Number | Price effective from | Koha item type | Collection code |
|---|---|---|---|---|---|---|---|---|---|---|---|---|---|---|
| NASSDOC Library | NASSDOC Library | 26/02/2005 | GOVIND | V.1 | 2005-02-11 | RR 060 WOR- | 40379 | 18/04/2019 | Books | |||||
| NASSDOC Library | NASSDOC Library | 26/02/2005 | GOVIND | V.2 | 2005-02-11 | RR 060 WOR- | 40380 | 18/04/2019 | Books | |||||
| NASSDOC Library | NASSDOC Library | 01/02/2019 | 2005-02-11 | RR 060 WOR- | D000019 | 18/04/2019 | Books | Docas Books | ||||||
| NASSDOC Library | NASSDOC Library | 29/12/2016 | 2005-02-11 | RR 060 WOR- | D000469 | 18/04/2019 | Books | Docas Books | ||||||
| NASSDOC Library | NASSDOC Library | 30/12/2016 | 2005-02-11 | RR 060 WOR- | D000777 | 18/04/2019 | Books | Docas Books | ||||||
| NASSDOC Library | NASSDOC Library | 26/08/2016 | 2005-02-11 | RR 060 WOR- | D002315 | 18/04/2019 | Books | Docas Books |
